000 00781cam a22002533a 4500
001 19319
003 PGUSA
005 20140828083417.0
008 060918s2006||||xxu|||||s|||||000 | eng d
040 _aPGUSA
_beng
042 _adc
050 4 _aSF
100 1 _aMunn, William Augustus
245 1 2 _aA Description of the Bar-and-Frame-Hive :
_bWith an Abstract of Wildman's Complete Guide for the Management of Bees Throughout the Year
_h[electronic resource] /
_cWilliam Augustus Munn
260 _bProject Gutenberg,
_c2006
506 _aPublic domain in the USA.
516 _aElectronic text
653 _aBeehives
653 _aBee culture
653 _aBees
830 0 _aProject Gutenberg
_v19319
856 4 0 _uhttp://www.gutenberg.org/ebooks/19319
942 _cEB
999 _c248574
_d248574